Current NBA Players Who Played College Basketball At Kentucky - Statistics

General Stats
  • This quiz has been taken 758 times
    135 since last reset
  • The average score is 15 of 28
Answer Stats
Current Team Player % Correct
Oklahoma City Thunder Shai Gilgeous-Alexander
90%
Phoenix Suns Devin Booker
84%
New York Knicks Karl-Anthony Towns
82%
Dallas Mavericks Anthony Davis
77%
Philadelphia 76ers Tyrese Maxey
77%
San Antonio Spurs De'Aaron Fox
75%
Miami Heat Tyler Herro
75%
Miami Heat Bam Adebayo
68%
Denver Nuggets Jamal Murray
66%
Houston Rockets Reed Sheppard
62%
Minnesota Timberwolves Julius Randle
57%
Toronto Raptors Immanuel Quickley
56%
Sacramento Kings Malik Monk
56%
Oklahoma City Thunder Cason Wallace
54%
San Antonio Spurs Keldon Johnson
50%
Dallas Mavericks PJ Washington
50%
Boston Celtics Amari Williams
49%
Portland Trail Blazers Shaedon Sharpe
42%
Indiana Pacers Isiah Jackson
35%
Utah Jazz Oscar Tshiebwe
33%
Los Angeles Lakers Jarred Vanderbilt
32%
Phoenix Suns Nick Richards
32%
Minnesota Timberwolves Rob Dilingham
32%
Phoenix Suns Koby Brea
30%
Charlotte Hornets Antonio Reeves
29%
Philadelphia 76ers Justin Edwards
28%
Atlanta Hawks Jacob Toppin
17%
Cleveland Cavaliers Chris Livingston
15%
No matching quizzes found
Score Distribution
Percent of People with Each Score
Percentile by Number Answered
Your Score History
You have not taken this quiz since the last reset